| Tag |
First Indicator |
Second Indicator |
Subfields |
| LEADER |
00000cam a2200000 i 4500 |
| 001 |
in00000344647 |
| 005 |
20151011055832.0 |
| 008 |
770420c19691966gw 00011 ger d |
| 020 |
|
|
|a 3436010324
|
| 035 |
|
|
|a (OCoLC)02902026
|
| 035 |
|
|
|9 ABM4238AM
|
| 040 |
|
|
|a EYM
|c EYM
|d TXA
|d UtOrBLW
|
| 049 |
|
|
|a TXAM
|c [1554131]
|
| 090 |
|
|
|a PT2638.M453
|b T712 1969
|
| 100 |
1 |
|
|a Schmidt, Arno,
|d 1914-1979.
|
| 245 |
1 |
0 |
|a Sommermeteor ;
|b 23 Kurzgeschichten /
|c [von] Arno Schmidt.
|
| 264 |
|
1 |
|a [Frankfurt am Main] :
|b Fischer Taschenbuch Verlag,
|c [1969]
|
| 264 |
|
4 |
|c [©1966]
|
| 300 |
|
|
|a 126 pages ;
|c 18 cm.
|
| 336 |
|
|
|a text
|b txt
|2 rdacontent
|
| 337 |
|
|
|a unmediated
|b n
|2 rdamedia
|
| 338 |
|
|
|a volume
|b nc
|2 rdacarrier
|
| 490 |
0 |
|
|a Fischer-Taschenbuch, 1046
|
| 500 |
|
|
|a Selections from the author's Trommler beim Zaren.
|
| 999 |
|
|
|a MARS
|
| 999 |
f |
f |
|s f7081f09-e3d0-3b34-bced-ba406cf4b396
|i 7e584c40-5e6b-334c-8c8b-76016fd9a0bd
|t 0
|
| 952 |
f |
f |
|p ric
|a Texas A&M University
|b Rellis Campus
|c Joint Library Facility
|d Remote Storage
|t 0
|e PT2638.M453 T712 1969
|h Library of Congress classification
|i unmediated -- volume
|m A14804175210
|
| 998 |
f |
f |
|a PT2638.M453 T712 1969
|t 0
|l Remote Storage
|